| 000 | 01162cam a22003617a 4500 | ||
|---|---|---|---|
| 003 | CHAP | ||
| 005 | 20220817043829.0 | ||
| 008 | 010926s2000 mx r 00010 spa d | ||
| 010 | _a85572 | ||
| 011 | _a86544 | ||
| 020 | _a1555811493 | ||
| 035 | _a97083 | ||
| 040 | _cCHAP | ||
| 082 | 0 | 4 |
_a574.87 _bD82 |
| 100 | 0 | 0 |
_aDunny, Gary M. _eed. _934512 |
| 245 | 1 | 0 |
_aCell-cell signaling in bacteria _c/ed. by Gary M. Dunny and Stephen C. Winans |
| 260 |
_aWashington, D.C. : _bAmerican Society for Microbiology, _c1999. |
||
| 300 | _a367 p. | ||
| 590 |
_aBATCH-UPD _b10 _c20130110 _lUCH01 _h0618 |
||
| 590 |
_aBATCH-UPD _b10 _c20130110 _lUCH01 _h2308 |
||
| 590 |
_aBATCH-UPD _b10 _c20130410 _lUCH01 _h0301 |
||
| 590 |
_aBATCH-UPD _b10 _c20130914 _lUCH01 _h0516 |
||
| 590 |
_aCONVERSION _b10 _c20130109 _lUCH01 _h1348 |
||
| 650 | 0 | 4 |
_aBacterias. _99318 |
| 650 | 0 | 4 |
_aCitología. _923489 |
| 650 | 0 | 4 |
_aSimbiosis. _9106148 |
| 650 | 0 | 4 | _aTransgénicos. |
| 700 | 0 |
_aWinans, Stephen Carlyle. _9122248 |
|
| 901 | _aBK | ||
| 905 | _aAlejandra Carrasco M. | ||
| 942 | _cLIBRO | ||
| 949 |
_a574.87 D82 _bBC _cLIBRO _d33724000863437 _eLIBRO _h102324 _i97083 _kI.213576 _si _t$ 1 000.00 |
||
| 999 |
_c85572 _d85572 |
||